[Event "Warsaw Najdorf Memorial op-A 22nd"]
[Site "Warsaw"]
[Date "2025.07.10"]
[Round "3"]
[White "Borowik, Wojciech"]
[Black "Chomczyk, Marek"]
[Result "1/2-1/2"]
[WhiteElo "2115"]
[BlackElo "2280"]
[PlyCount "116"]
[EventDate "2025.07.08"]
[EventType "swiss"]
[EventRounds "9"]
[EventCountry "POL"]
[SourceTitle "CB29_2025"]
[SourceDate "2025.07.16"]
[SourceVersion "1"]
[SourceVersionDate "2025.07.16"]
[SourceQuality "1"]

1. d4 Nf6 2. c4 c5 3. d5 b5 4. cxb5 a6 5. bxa6 Bxa6 6. Nc3 g6 7. e4 Bxf1 8. Kxf1 d6 9. g3 Bg7 10. Kg2 0-0 11. Nf3 Nbd7 12. h3 Qb6 13. Re1 Rfb8 14. Re2 Qa6 15. Qc2 Ne8 16. a4 Ne5 17. Nxe5 Bxe5 18. Ra3 Rb4 19. Re1 Qc4 20. Qd1 Nf6 21. f3 Nh5 22. f4 Bxc3 23. Rxc3 Qa2 24. Re2 Nf6 25. Ra3 Qb1 26. e5 Rd4 27. Qc2 Qxc2 28. Rxc2 Nxd5 29. exd6 exd6 30. Rd2 Rxd2+ 31. Bxd2 Nb6 32. a5 Nc4 33. Rd3 Kf8 34. Bc3 Ke7 35. b4 cxb4 36. Bxb4 Rb8 37. Bc3 Ke6 38. Rd4 d5 39. f5+ Kd6 40. fxg6 fxg6 41. Rf4 Rb3 42. Rf3 Kc6 43. a6 Ra3 44. Bd4 Rxa6 45. Rf7 h6 46. Rf6+ Kb5 47. Rxa6 Kxa6 48. Bg7 h5 49. Kf3 Nd6 50. g4 hxg4+ 51. Kxg4 Nf7 52. h4 Kb5 53. h5 gxh5+ 54. Kxh5 Kc4 55. Kg4 Kd3 56. Kf3 Ng5+ 57. Kf2 d4 58. Bxd4 Kxd4 1/2-1/2

[Event "POL-chT 2nd League"]
[Site "Jastrzebia Gora"]
[Date "2024.09.06"]
[Round "7.49"]
[White "Jarmula, Lukasz"]
[Black "Chomczyk, Marek"]
[Result "1/2-1/2"]
[WhiteElo "2433"]
[BlackElo "2297"]
[PlyCount "89"]
[EventDate "2024.08.31"]
[EventType "team-swiss"]
[EventRounds "9"]
[EventCountry "POL"]
[SourceTitle "EXT 2025"]
[Source "ChessBase"]
[SourceDate "2024.10.14"]
[SourceVersion "1"]
[SourceVersionDate "2024.10.14"]
[SourceQuality "1"]
[WhiteTeam "Skoczek Trojanski"]
[BlackTeam "Warszawa Zugzwang"]
[WhiteTeamCountry "POL"]
[BlackTeamCountry "POL"]

1. Nf3 Nf6 2. g3 c5 3. Bg2 Nc6 4. 0-0 e5 5. d3 d5 6. Bg5 Be6 7. c4 d4 8. e3 dxe3 9. Bxe3 Be7 10. Nc3 0-0 11. Ng5 Bg4 12. Qb3 Rb8 13. Nge4 Nxe4 14. Nxe4 Nd4 15. Bxd4 cxd4 16. Rfe1 Be6 17. Qb5 Qc7 18. Nd2 Bd6 19. Rac1 a6 20. Qa4 Bd7 21. Qd1 Bb4 22. a3 Bxd2 23. Qxd2 Rbe8 24. Qb4 Bc6 25. Qc5 Qe7 26. Qxe7 Rxe7 27. c5 Bxg2 28. Kxg2 f6 29. b4 Kf7 30. Rc4 Rd8 31. f4 Ke6 32. c6 bxc6 33. Rxc6+ Rd6 34. Rec1 exf4 35. Re1+ Kf5 36. Rxe7 Rxc6 37. Rxg7 fxg3 38. hxg3 Rc3 39. Rxh7 Rxd3 40. Rh5+ Kg4 41. Ra5 Rxg3+ 42. Kf2 Rf3+ 43. Ke2 Re3+ 44. Kf2 Rf3+ 45. Ke2 1/2-1/2

[Event "Warsaw Najdorf Memorial op-A"]
[Site "Warsaw"]
[Date "2024.07.17"]
[Round "9"]
[White "Rozentalis, Eduardas"]
[Black "Chomczyk, Marek"]
[Result "1-0"]
[WhiteElo "2480"]
[BlackElo "2297"]
[PlyCount "69"]
[EventDate "2024.07.09"]
[EventType "swiss"]
[EventRounds "9"]
[EventCountry "POL"]
[SourceTitle "EXT 2025"]
[Source "ChessBase"]
[SourceDate "2024.10.14"]
[SourceVersion "1"]
[SourceVersionDate "2024.10.14"]
[SourceQuality "1"]

1. e4 c5 2. Nf3 Nc6 3. Bb5 h6 4. Bxc6 dxc6 5. d3 Qc7 6. a4 Nf6 7. Na3 g5 8. b3 Bg7 9. Bb2 Bg4 10. Nc4 Qf4 11. Qd2 Qxd2+ 12. Nfxd2 Be6 13. 0-0 Rg8 14. Rab1 Nh5 15. Bxg7 Rxg7 16. g3 Bh3 17. Rfe1 Nf4 18. Ne3 e6 19. f3 h5 20. Kf2 0-0-0 21. Nec4 Ng6 22. e5 Kc7 23. Ne4 b5 24. axb5 cxb5 25. Ncd6 Nxe5 26. Nxb5+ Kc6 27. Nbc3 Bf5 28. Ra1 Bxe4 29. Rxe4 Nd7 30. Rxa7 Rgg8 31. Rea4 Nb6 32. R4a6 Ra8 33. Rxa8 Rxa8 34. Rxa8 Nxa8 35. Ne4 1-0

[Event "Warsaw Najdorf Memorial op-A"]
[Site "Warsaw"]
[Date "2024.07.13"]
[Round "5"]
[White "Praczukowski, Stanislaw"]
[Black "Chomczyk, Marek"]
[Result "1/2-1/2"]
[WhiteElo "2086"]
[BlackElo "2297"]
[PlyCount "73"]
[EventDate "2024.07.09"]
[EventType "swiss"]
[EventRounds "9"]
[EventCountry "POL"]
[SourceTitle "EXT 2025"]
[Source "ChessBase"]
[SourceDate "2024.10.14"]
[SourceVersion "1"]
[SourceVersionDate "2024.10.14"]
[SourceQuality "1"]

1. d4 Nf6 2. c4 e6 3. Nf3 d5 4. e3 Be7 5. b3 0-0 6. Bb2 b6 7. Bd3 Bb7 8. 0-0 dxc4 9. Bxc4 Nbd7 10. Qe2 Ne4 11. Nc3 Ndf6 12. Rfd1 Nxc3 13. Bxc3 Ne4 14. Bb2 a5 15. Nd2 Nxd2 16. Rxd2 a4 17. bxa4 Rxa4 18. Bb3 Ra5 19. e4 Bb4 20. Rdd1 Qh4 21. d5 exd5 22. exd5 Bd6 23. g3 Qg5 24. Rd4 f5 25. Rh4 Kh8 26. Rd1 Raa8 27. Re1 Ba6 28. Qd1 Rae8 29. Re6 Rxe6 30. dxe6 Bb7 31. Bd5 Bxd5 32. Qxd5 Qg6 33. Be5 Re8 34. Bxd6 cxd6 35. Rc4 h6 36. Qxd6 Qxe6 37. Qxe6 1/2-1/2

[Event "Warsaw Najdorf Memorial op-A"]
[Site "Warsaw"]
[Date "2024.07.09"]
[Round "1"]
[White "Dobosiewicz, Dawid"]
[Black "Chomczyk, Marek"]
[Result "1/2-1/2"]
[WhiteElo "2028"]
[BlackElo "2297"]
[PlyCount "34"]
[EventDate "2024.07.09"]
[EventType "swiss"]
[EventRounds "9"]
[EventCountry "POL"]
[SourceTitle "EXT 2025"]
[Source "ChessBase"]
[SourceDate "2024.10.14"]
[SourceVersion "1"]
[SourceVersionDate "2024.10.14"]
[SourceQuality "1"]

1. e4 c5 2. Nf3 e6 3. d4 cxd4 4. Nxd4 Nf6 5. Nc3 Nc6 6. Nxc6 bxc6 7. e5 Nd5 8. Ne4 Qc7 9. f4 Qb6 10. a3 Ba6 11. c4 f5 12. exf6 Nxf6 13. Nxf6+ gxf6 14. Qh5+ Kd8 15. Bd2 Bc5 16. 0-0-0 Kc8 17. Bc3 Rb8 1/2-1/2

[Event "POL-chT 2nd League"]
[Site "Jastrzebia Gora"]
[Date "2023.09.09"]
[Round "8.79"]
[White "Jaskolka, Tomasz"]
[Black "Chomczyk, Marek"]
[Result "1/2-1/2"]
[WhiteElo "2228"]
[BlackElo "2290"]
[PlyCount "86"]
[EventDate "2023.09.02"]
[EventType "team-swiss"]
[EventRounds "9"]
[EventCountry "POL"]
[SourceTitle "CBM 216 Extra"]
[Source "ChessBase"]
[SourceDate "2023.11.30"]
[SourceVersion "1"]
[SourceVersionDate "2023.11.30"]
[SourceQuality "1"]
[WhiteTeam "Rzeszow Szachownica"]
[BlackTeam "Warszawa Zugzwang"]
[WhiteTeamCountry "POL"]
[BlackTeamCountry "POL"]

1. d4 Nf6 2. Nc3 d5 3. Bf4 e6 4. Nb5 Na6 5. e3 c5 6. c3 Be7 7. g4 Ne4 8. Bd3 Nd6 9. Bxd6 Bxd6 10. Qa4 Ke7 11. Nxd6 Qxd6 12. Bxa6 bxa6 13. dxc5 Qxc5 14. Nf3 Rb8 15. Qf4 Bd7 16. 0-0-0 Rhc8 17. Ne5 Be8 18. Qd4 Qa5 19. a3 f6 20. Nd3 e5 21. Qxa7+ Kf8 22. Nb4 Rxb4 23. axb4 Qa1+ 24. Kd2 Qxb2+ 25. Ke1 Qxc3+ 26. Ke2 Qxb4 27. Kf3 Bb5 28. Rc1 Be2+ 29. Kxe2 Qb2+ 30. Kf3 Rxc1 31. Rxc1 Qxc1 32. Qa8+ Kf7 33. Qxd5+ Kg6 34. Kg2 Qc8 35. Kg3 h5 36. Qd3+ Kh6 37. gxh5 Qe8 38. Qxa6 Qxh5 39. Qc8 Qg5+ 40. Kf3 f5 41. Qh8+ Kg6 42. Qe8+ Kh7 43. Ke2 e4 1/2-1/2

[Event "POL-chT 2nd League"]
[Site "Jastrzebia Gora"]
[Date "2023.09.04"]
[Round "3.44"]
[White "Steczek, Marcin"]
[Black "Chomczyk, Marek"]
[Result "1/2-1/2"]
[WhiteElo "2350"]
[BlackElo "2290"]
[PlyCount "84"]
[EventDate "2023.09.02"]
[EventType "team-swiss"]
[EventRounds "9"]
[EventCountry "POL"]
[SourceTitle "CBM 216 Extra"]
[Source "ChessBase"]
[SourceDate "2023.11.30"]
[SourceVersion "1"]
[SourceVersionDate "2023.11.30"]
[SourceQuality "1"]
[WhiteTeam "Konin Hetman"]
[BlackTeam "Warszawa Zugzwang"]
[WhiteTeamCountry "POL"]
[BlackTeamCountry "POL"]

1. d4 Nf6 2. c4 g6 3. Nc3 Bg7 4. e4 d6 5. Be2 0-0 6. Bg5 c5 7. d5 h6 8. Bd2 e6 9. Nf3 exd5 10. exd5 b5 11. Nxb5 Ne4 12. Nc3 Bf5 13. 0-0 Re8 14. Rc1 Nxd2 15. Qxd2 Nd7 16. h3 Be4 17. Nxe4 Rxe4 18. Bd3 Re8 19. Rfe1 Ne5 20. Be2 Nxf3+ 21. Bxf3 Qh4 22. Re2 Rxe2 23. Qxe2 Bd4 24. Rc2 a5 25. Bg4 Kg7 26. Kh2 h5 27. Bf3 Ra7 28. g3 Qf6 29. Kg2 Re7 30. Qd2 a4 31. b4 axb3 32. axb3 h4 33. g4 Rb7 34. Qd3 Be5 35. Qe3 Bd4 36. Qd3 Qf4 37. Qd2 Qxd2 38. Rxd2 Rxb3 39. Be2 Ra3 40. Rd3 Ra2 41. Kf1 Rc2 42. Rf3 Rc1+ 1/2-1/2

[Event "POL-chT 2nd League"]
[Site "Jastrzebia Gora"]
[Date "2023.09.02"]
[Round "1.20"]
[White "Karut, Kacper"]
[Black "Chomczyk, Marek"]
[Result "0-1"]
[WhiteElo "2065"]
[BlackElo "2290"]
[PlyCount "72"]
[EventDate "2023.09.02"]
[EventType "team-swiss"]
[EventRounds "9"]
[EventCountry "POL"]
[SourceTitle "CBM 216 Extra"]
[Source "ChessBase"]
[SourceDate "2023.11.30"]
[SourceVersion "1"]
[SourceVersionDate "2023.11.30"]
[SourceQuality "1"]
[WhiteTeam "Grudziadz Rotmistrz"]
[BlackTeam "Warszawa Zugzwang"]
[WhiteTeamCountry "POL"]
[BlackTeamCountry "POL"]

1. e4 e5 2. Nf3 Nc6 3. Bb5 a6 4. Ba4 Nf6 5. 0-0 d6 6. Re1 Bd7 7. c3 g6 8. d4 Bg7 9. Bg5 h6 10. Bh4 0-0 11. Nbd2 Qe8 12. d5 Ne7 13. Bc2 Nh5 14. Nf1 g5 15. Bg3 f5 16. exf5 Bxf5 17. Ne3 Bxc2 18. Qxc2 Qg6 19. Qxg6 Nxg6 20. Nd2 Ne7 21. Ne4 Nf6 22. Nxf6+ Rxf6 23. c4 Rf7 24. Rab1 h5 25. h3 Raf8 26. Re2 Ng6 27. b4 Nf4 28. Rd2 e4 29. c5 Bc3 30. Rc2 Bd4 31. Rd1 dxc5 32. bxc5 Nd3 33. d6 h4 34. Bh2 Rxf2 35. Rxf2 Bxe3 36. d7 Bxf2+ 0-1

[Event "Warsaw Najdorf Memorial op-A 20th"]
[Site "Warsaw"]
[Date "2023.07.15"]
[Round "5"]
[White "Chomczyk, Marek"]
[Black "Rozentalis, Eduardas"]
[Result "1/2-1/2"]
[WhiteElo "2277"]
[BlackElo "2496"]
[PlyCount "48"]
[EventDate "2023.07.11"]
[EventType "swiss"]
[EventRounds "9"]
[EventCountry "POL"]
[SourceTitle "EXT 2024"]
[Source "ChessBase"]
[SourceDate "2023.10.10"]
[SourceVersion "1"]
[SourceVersionDate "2023.10.10"]
[SourceQuality "1"]

1. c4 e6 2. g3 Nf6 3. Bg2 d5 4. Nf3 dxc4 5. Qa4+ Bd7 6. Qxc4 c5 7. Ne5 Qc8 8. 0-0 Nc6 9. Nxd7 Qxd7 10. Nc3 Rc8 11. d3 Be7 12. Qa4 0-0 13. Bd2 Rfd8 14. Rfd1 h6 15. Rac1 b6 16. a3 Nd4 17. Qxd7 Rxd7 18. Be1 Rcd8 19. Rb1 Nc2 20. Bd2 c4 21. Bc6 Rc7 22. Bb5 cxd3 23. Bxd3 Nd4 24. Be3 Rcd7 1/2-1/2

[Event "Warsaw Najdorf Memorial op-A 20th"]
[Site "Warsaw"]
[Date "2023.07.12"]
[Round "2"]
[White "Wojtaszewski, Piotr"]
[Black "Chomczyk, Marek"]
[Result "1/2-1/2"]
[WhiteElo "1994"]
[BlackElo "2277"]
[PlyCount "83"]
[EventDate "2023.07.11"]
[EventType "swiss"]
[EventRounds "9"]
[EventCountry "POL"]
[SourceTitle "EXT 2024"]
[Source "ChessBase"]
[SourceDate "2023.10.10"]
[SourceVersion "1"]
[SourceVersionDate "2023.10.10"]
[SourceQuality "1"]

1. d4 Nf6 2. Nf3 g6 3. Bf4 Bg7 4. e3 d6 5. Be2 0-0 6. h3 Nbd7 7. 0-0 b6 8. c3 Bb7 9. Nbd2 Re8 10. Qc2 e5 11. Bg3 Qe7 12. dxe5 dxe5 13. Nc4 Ne4 14. Bh2 Nd6 15. Nxd6 cxd6 16. e4 Nc5 17. Nd2 d5 18. exd5 Bxd5 19. Rfe1 Qb7 20. Bf1 Rad8 21. b4 Nd7 22. Nc4 Qc6 23. Ne3 Be6 24. Rad1 Rc8 25. c4 f5 26. Qb1 a5 27. a3 Qa4 28. bxa5 Qxa5 29. Qb5 Rc5 30. Qxa5 Rxa5 31. Nd5 Rc5 32. f4 e4 33. Bg3 Bxd5 34. cxd5 e3 35. Kh2 Bc3 36. Re2 Bd2 37. Be1 Bxe1 38. Rdxe1 Rc3 39. Rb2 Kf8 40. Bb5 Rd8 41. Bxd7 Rxd7 42. Rxb6 1/2-1/2

[Event "POL-ch blitz"]
[Site "Suwalki"]
[Date "2022.09.24"]
[Round "8"]
[White "Chomczyk, Marek"]
[Black "Kaminski, Maciej1"]
[Result "0-1"]
[WhiteElo "2327"]
[BlackElo "1905"]
[PlyCount "69"]
[EventDate "2022.09.24"]
[EventType "swiss (blitz)"]
[EventRounds "15"]
[EventCountry "POL"]
[SourceTitle "CBM 210 Extra"]
[Source "ChessBase"]
[SourceDate "2022.11.30"]
[SourceVersion "1"]
[SourceVersionDate "2022.11.30"]
[SourceQuality "1"]

1. d4 Nf6 2. c4 e5 3. dxe5 Ng4 4. Bf4 Nc6 5. Nf3 Bb4+ 6. Nbd2 Qe7 7. e3 Ngxe5 8. Nxe5 Nxe5 9. Be2 d6 10. 0-0 Bxd2 11. Qxd2 a5 12. b4 axb4 13. Qxb4 0-0 14. Rfc1 b6 15. a4 Bb7 16. a5 Nc6 17. Qb5 Rxa5 18. Rxa5 Nxa5 19. Bd3 Be4 20. Bxe4 Qxe4 21. c5 Qd5 22. Qa4 Nb3 23. Rf1 Nxc5 24. Qa7 Qc6 25. Qa1 Ne6 26. Bg3 Ra8 27. Qb2 Qd5 28. h4 h6 29. Qc3 Qc5 30. Qd3 b5 31. Rb1 Rb8 32. Ra1 b4 33. Rb1 Qb5 34. Qb3 Nc5 35. Qd5 0-1

[Event "Warsaw Szansa op"]
[Site "Warsaw"]
[Date "2022.09.18"]
[Round "7"]
[White "Chomczyk, Marek"]
[Black "Kowalski, Igor"]
[Result "1/2-1/2"]
[WhiteElo "2327"]
[BlackElo "2344"]
[PlyCount "118"]
[EventDate "2022.09.17"]
[EventType "swiss (rapid)"]
[EventRounds "11"]
[EventCountry "POL"]
[SourceTitle "EXT 2023"]
[Source "ChessBase"]
[SourceDate "2022.10.05"]
[SourceVersion "1"]
[SourceVersionDate "2022.10.05"]
[SourceQuality "1"]

1. e4 c6 2. d4 d5 3. exd5 cxd5 4. Nf3 Nc6 5. Bb5 Nf6 6. Ne5 Bd7 7. Nxd7 Qxd7 8. c3 e6 9. 0-0 Bd6 10. Nd2 0-0 11. Re1 Rad8 12. Nf3 Ne4 13. Bg5 Rde8 14. Bd3 f5 15. Qc1 Qc7 16. c4 h6 17. Bd2 Nxd2 18. Nxd2 Bxh2+ 19. Kf1 Nxd4 20. cxd5 exd5 21. Qxc7 Bxc7 22. Rxe8 Rxe8 23. Nb3 Bb6 24. Nxd4 Bxd4 25. Bxf5 Bxb2 26. Re1 Rxe1+ 27. Kxe1 Kf7 28. Kd2 Bd4 29. f3 Kf6 30. Bc8 b6 31. Bb7 Ke5 32. a4 Bc5 33. Kd3 Kf4 34. Ke2 Kg3 35. Kf1 d4 36. Ba6 g5 37. Bd3 h5 38. Bg6 h4 39. Be4 a6 40. Bd3 b5 41. axb5 a5 42. Bc2 Bb6 43. Bb3 h3 44. gxh3 Kxf3 45. Ke1 a4 46. Bxa4 Kg3 47. Bb3 Kxh3 48. Be6+ Kg3 49. Ke2 Kf4 50. Bd7 g4 51. Bc8 Kg3 52. Be6 Kh4 53. Bd5 Ba7 54. Bc6 Kh3 55. Bd7 Kg3 56. Be6 Kf4 57. Bc8 Bb8 58. b6 Kg3 59. Kd3 Kf3 1/2-1/2

[Event "Warsaw Szansa op"]
[Site "Warsaw"]
[Date "2022.09.17"]
[Round "1"]
[White "Chomczyk, Marek"]
[Black "Rybicki, Jan"]
[Result "0-1"]
[WhiteElo "2327"]
[BlackElo "1313"]
[PlyCount "128"]
[EventDate "2022.09.17"]
[EventType "swiss (rapid)"]
[EventRounds "11"]
[EventCountry "POL"]
[SourceTitle "EXT 2023"]
[Source "ChessBase"]
[SourceDate "2022.10.05"]
[SourceVersion "1"]
[SourceVersionDate "2022.10.05"]
[SourceQuality "1"]

1. e4 Nf6 2. e5 Nd5 3. c4 Nb6 4. a4 d6 5. exd6 cxd6 6. d4 g6 7. Nf3 Bg7 8. Be2 0-0 9. 0-0 Nc6 10. Be3 Bg4 11. d5 Bxf3 12. Bxf3 Ne5 13. Bxb6 Qxb6 14. Nd2 Nxf3+ 15. Nxf3 Rac8 16. Qc2 Qxb2 17. Qxb2 Bxb2 18. Rab1 Bf6 19. Rxb7 Rxc4 20. Rxa7 Rb8 21. Rd1 Rbb4 22. a5 Rc5 23. a6 Rxd5 24. Rc1 Rc5 25. Rd1 Ra4 26. g3 Rca5 27. Kg2 Rxa6 28. Rb7 Rc6 29. Rd2 Kg7 30. Ng1 e6 31. Nh3 d5 32. Rd7 Raa6 33. Nf4 Bg5 34. Rd4 Rc4 35. Ne2 Rxd4 36. Nxd4 Bf6 37. Nb5 Be5 38. f4 Rb6 39. Na7 Bb8 40. Nc8 Rc6 41. Ne7 Rc2+ 42. Kh3 Kf8 43. Nxd5 exd5 44. Rxd5 Bc7 45. Rb5 Kg7 46. Rb7 h5 47. Rb5 Rf2 48. Rb4 Bd8 49. Rb8 Bc7 50. Rb7 Bxf4 51. gxf4 Rf3+ 52. Kg2 Rxf4 53. Rb5 f6 54. Kg3 g5 55. h3 Kg6 56. Ra5 Rb4 57. Rc5 Rb3+ 58. Kg2 g4 59. Rd5 Rxh3 60. Rd4 Ra3 61. Kh2 Kg5 62. Kg2 h4 63. Rb4 Ra2+ 64. Kf1 h3 0-1

[Event "Warsaw Najdorf Memorial op-A 19th"]
[Site "Warsaw"]
[Date "2022.07.10"]
[Round "2"]
[White "Chomczyk, Marek"]
[Black "Kaminski, Jan"]
[Result "1-0"]
[WhiteElo "2290"]
[BlackElo "1870"]
[PlyCount "93"]
[EventDate "2022.07.09"]
[EventType "swiss"]
[EventRounds "9"]
[EventCountry "POL"]
[SourceTitle "CBM 209 Extra"]
[Source "ChessBase"]
[SourceDate "2022.09.30"]
[SourceVersion "1"]
[SourceVersionDate "2022.09.30"]
[SourceQuality "1"]

1. e4 c5 2. Nf3 d6 3. d4 Nf6 4. Nc3 cxd4 5. Nxd4 a6 6. Rg1 e5 7. Nb3 b5 8. a4 b4 9. Nd5 Bb7 10. Nxf6+ gxf6 11. Bc4 Bxe4 12. Bd5 Bxd5 13. Qxd5 Nd7 14. Bd2 Rc8 15. Bxb4 Qb6 16. c3 f5 17. a5 Qc6 18. Qxc6 Rxc6 19. 0-0-0 Rg8 20. g3 Kd8 21. f4 f6 22. Kb1 Kc7 23. Rgf1 Be7 24. fxe5 fxe5 25. Rxf5 Nf6 26. Nd2 Rg7 27. Nf1 Ne4 28. Ne3 Nc5 29. Nd5+ Kd7 30. Rh5 Bd8 31. Bxc5 Rxc5 32. b4 Rc4 33. Rxe5 dxe5 34. Nb6+ Kc6 35. Nxc4 Bc7 36. Kc2 Rf7 37. Kb3 Rf2 38. Re1 Kd5 39. Ne3+ Ke6 40. Ng4 Rf3 41. Re2 Bb8 42. Nf2 Kf5 43. Kc4 h5 44. Ne4 Ba7 45. Nc5 Bxc5 46. bxc5 Ke6 47. Rd2 1-0

[Event "Warsaw Maciei Memorial"]
[Site "Warsaw"]
[Date "2022.07.08"]
[Round "8"]
[White "Chomczyk, Marek"]
[Black "Jarocka, Liwia"]
[Result "1-0"]
[WhiteElo "2290"]
[BlackElo "2094"]
[PlyCount "60"]
[EventDate "2022.07.08"]
[EventType "swiss (blitz)"]
[EventRounds "11"]
[EventCountry "POL"]
[SourceTitle "CBM 209 Extra"]
[Source "ChessBase"]
[SourceDate "2022.09.30"]
[SourceVersion "1"]
[SourceVersionDate "2022.09.30"]
[SourceQuality "1"]

1. e4 c5 2. Nc3 Nc6 3. Bb5 d6 4. Bxc6+ bxc6 5. d3 g6 6. f4 Bg7 7. Nf3 Nh6 8. 0-0 0-0 9. Qe1 f5 10. e5 Rb8 11. b3 d5 12. Na4 c4 13. dxc4 dxc4 14. Be3 Qc7 15. Qc3 Ng4 16. Bc5 cxb3 17. axb3 Be6 18. h3 Nh6 19. Be3 Bd5 20. Qc5 Be4 21. Ng5 Bd5 22. Nc3 Qd7 23. Rxa7 Rb7 24. Rfa1 Rfb8 25. Rxb7 Qxb7 26. Ra7 Qb4 27. Qxb4 Rxb4 28. Nxd5 cxd5 29. Ra8+ Bf8 30. Ne6 Rb5 1-0

[Event "Warsaw Maciei Memorial"]
[Site "Warsaw"]
[Date "2022.07.08"]
[Round "4"]
[White "Chomczyk, Marek"]
[Black "Owoc, Jakub"]
[Result "1-0"]
[WhiteElo "2290"]
[BlackElo "1756"]
[PlyCount "61"]
[EventDate "2022.07.08"]
[EventType "swiss (blitz)"]
[EventRounds "11"]
[EventCountry "POL"]
[SourceTitle "CBM 209 Extra"]
[Source "ChessBase"]
[SourceDate "2022.09.30"]
[SourceVersion "1"]
[SourceVersionDate "2022.09.30"]
[SourceQuality "1"]

1. e4 c6 2. d4 d5 3. exd5 cxd5 4. Nf3 Nf6 5. Ne5 a6 6. c4 Nc6 7. Nc3 e6 8. Qa4 Bd7 9. Nxd7 Qxd7 10. c5 Be7 11. Bf4 0-0 12. Be2 Ne4 13. 0-0 Nxc3 14. bxc3 f6 15. Bg4 Rae8 16. Rfe1 Bd8 17. Rab1 Rf7 18. h3 Ba5 19. Qb3 Rfe7 20. Bd6 Rf7 21. Re2 f5 22. Bh5 g6 23. Bf3 Bc7 24. Bxc7 Qxc7 25. Bxd5 Na5 26. Qb6 Kg7 27. Rxe6 Rxe6 28. Qxe6 Re7 29. Qg8+ Kh6 30. Qf8+ Kg5 31. h4+ 1-0